[Event "2021 FIDE Online Olympiad"]
[Site "Chess.com"]
[Date "2021.08.28"]
[Round "6.1"]
[White "Khalifah, Khaled"]
[Black "Oatlhotse, Providence"]
[Result "0-1"]
[WhiteElo "1555"]
[BlackElo "2182"]
[PlyCount "82"]
[EventDate "2021.08.27"]
[EventType "team"]
[EventRounds "9"]
[SourceVersionDate "2018.05.14"]
[WhiteTeam "United Arab Emirates"]
[BlackTeam "Botswana"]
[WhiteTeamCountry "UAE"]
[BlackTeamCountry "BOT"]

1. d4 g6 2. Nf3 Bg7 3. Bf4 Nf6 4. e3 O-O 5. Be2 d6 6. O-O Nbd7 7. h3 b6 8. c4
Bb7 9. Nc3 Re8 10. d5 e5 11. Bg5 h6 12. Bh4 a5 13. a3 g5 14. Bg3 Nc5 15. Qc2 a4
16. e4 Nh5 17. Bh2 Nf4 18. Bxf4 exf4 19. Nd2 Bc8 20. Kh2 Bd7 21. g4 Be5 22. f3
Qf6 23. Rac1 Kg7 24. Kg2 h5 25. Bd3 Rh8 26. Rh1 Rh6 27. Rcf1 Rah8 28. Be2 Bd4
29. Nd1 Qe5 30. Nc3 f6 31. Bd3 Be3 32. Ndb1 hxg4 33. hxg4 Bxg4 34. Rxh6 Rxh6
35. fxg4 f3+ 36. Kxf3 Qf4+ 37. Ke2 Rh2+ 38. Kd1 Rxc2 39. Rxf4 Rc1+ 40. Ke2 gxf4
41. Nd2 Rg1 0-1

[Event "2021 FIDE Online Olympiad"]
[Site "Chess.com"]
[Date "2021.08.28"]
[Round "6.2"]
[White "Olebile, Thato"]
[Black "Abdulrahman Mohammad, Al Taher"]
[Result "0-1"]
[WhiteElo "2130"]
[BlackElo "1412"]
[PlyCount "220"]
[EventDate "2021.08.27"]
[EventType "team"]
[EventRounds "9"]
[SourceVersionDate "2018.05.14"]
[WhiteTeam "Botswana"]
[BlackTeam "United Arab Emirates"]
[WhiteTeamCountry "BOT"]
[BlackTeamCountry "UAE"]

1. d4 d5 2. c4 e6 3. Nc3 Nf6 4. Nf3 Be7 5. Bf4 c6 6. e3 O-O 7. Be2 Nbd7 8. O-O
dxc4 9. Bxc4 b5 10. Bb3 Bb7 11. Rc1 Rc8 12. h3 b4 13. Na4 c5 14. dxc5 Nxc5 15.
Nxc5 Bxc5 16. Qxd8 Rfxd8 17. Rfd1 Rxd1+ 18. Rxd1 Bd5 19. Bxd5 Nxd5 20. Be5 f6
21. Bd4 Bxd4 22. Nxd4 Kf7 23. e4 Nb6 24. Rd2 a5 25. b3 Rc5 26. Kf1 g6 27. Ke2
e5 28. Nc2 Ke6 29. Ne3 f5 30. f3 f4 31. Ng4 a4 32. Nf2 axb3 33. axb3 Rc3 34.
Rb2 Nd7 35. Nd3 Nc5 36. Nxb4 Rxb3 37. Rxb3 Nxb3 38. Nc6 Kd6 39. Nd8 Nd4+ 40.
Kf2 Ke7 41. Nb7 g5 42. Nc5 h6 43. Nd3 Kf6 44. Nb4 Ke6 45. Nd5 Nc6 46. Ke1 Ne7
47. Nc7+ Kd7 48. Na6 Ng6 49. Ke2 Kd6 50. Nb4 Ne7 51. Nd3 Nc6 52. Nf2 h5 53. Kd3
Ne7 54. Kc4 Ng6 55. Nd3 Nh4 56. Ne1 Kc6 57. Kb4 Kb6 58. Nd3 Ng6 59. Kc4 Kc6 60.
Nb4+ Kd6 61. Nd3 Nh4 62. Ne1 Kc6 63. Kb4 Kd6 64. Kb5 Ng6 65. Kb6 Nf8 66. Nd3
Nd7+ 67. Kb5 Nf6 68. Nb2 g4 69. Nc4+ Ke6 70. hxg4 hxg4 71. Kc6 g3 72. Nd2 Ng8
73. Kc5 Ne7 74. Kc4 Ng6 75. Kd3 Nh4 76. Ke2 Nxg2 77. Nc4 Nh4 78. Nb6 g2 79. Kf2
Nxf3 80. Kxg2 Ng5 81. Nd5 Nxe4 82. Nb4 Nd6 83. Nc6 e4 84. Kf2 Nf5 85. Nb4 Ke5
86. Nc6+ Kd5 87. Nb4+ Kc4 88. Nc6 e3+ 89. Kg2 Kd3 90. Ne5+ Ke2 91. Nf3 Kd1 92.
Kh3 e2 93. Kg4 Nd4 94. Nxd4 e1=Q 95. Kxf4 Qb4 96. Ke5 Kd2 97. Ne6 Ke3 98. Kf6
Ke4 99. Ng5+ Kf4 100. Ne6+ Kg4 101. Ng7 Qd4+ 102. Kg6 Qd6+ 103. Kf7 Kg5 104.
Ne6+ Kf5 105. Ng7+ Ke5 106. Ne8 Qe6+ 107. Kf8 Qd7 108. Ng7 Kf6 109. Nh5+ Kg5
110. Ng7 Kg6 0-1

[Event "2021 FIDE Online Olympiad"]
[Site "Chess.com"]
[Date "2021.08.28"]
[Round "6.3"]
[White "Fatima, Saif Al-Ali"]
[Black "Besa, Masaiti"]
[Result "0-1"]
[WhiteElo "1313"]
[BlackElo "1774"]
[PlyCount "46"]
[EventDate "2021.08.27"]
[EventType "team"]
[EventRounds "9"]
[SourceVersionDate "2018.05.14"]
[WhiteTeam "United Arab Emirates"]
[BlackTeam "Botswana"]
[WhiteTeamCountry "UAE"]
[BlackTeamCountry "BOT"]

1. e4 c5 2. Nf3 g6 3. d4 cxd4 4. Nxd4 Bg7 5. Nc3 Nc6 6. Be3 Nf6 7. Bc4 O-O 8.
Bb3 d6 9. f3 Bd7 10. Qd2 Na5 11. Bh6 Qb6 12. O-O-O Nxb3+ 13. axb3 a5 14. Nd5
Nxd5 15. exd5 a4 16. b4 Bxh6 17. Qxh6 Qxb4 18. f4 a3 19. bxa3 Rxa3 20. Nb3 Rxb3
21. cxb3 Qc3+ 22. Kb1 Bf5+ 23. Ka2 Ra8# 0-1

[Event "2021 FIDE Online Olympiad"]
[Site "Chess.com"]
[Date "2021.08.28"]
[Round "6.4"]
[White "Botlhole, Kgalalelo"]
[Black "Almaamari, Zainab Darwish"]
[Result "1-0"]
[WhiteElo "1794"]
[BlackElo "1388"]
[PlyCount "137"]
[EventDate "2021.08.27"]
[EventType "team"]
[EventRounds "9"]
[SourceVersionDate "2018.05.14"]
[WhiteTeam "Botswana"]
[BlackTeam "United Arab Emirates"]
[WhiteTeamCountry "BOT"]
[BlackTeamCountry "UAE"]

1. d4 d6 2. c4 Nf6 3. Nc3 Nc6 4. e4 e5 5. d5 Nd4 6. Be3 c5 7. dxc6 Nxc6 8. Nf3
a6 9. Be2 Be7 10. O-O O-O 11. h3 h6 12. a3 Be6 13. Qa4 Bd7 14. Qd1 Rc8 15. Rc1
Be6 16. Nd2 Na5 17. Nd5 Bxd5 18. exd5 b6 19. b4 Nb7 20. Qb3 Nd7 21. f4 Bf6 22.
fxe5 Bxe5 23. Nf3 Bg3 24. Bd4 Re8 25. Bd3 a5 26. Bb1 Ra8 27. Qd3 g6 28. Nh2
Bxh2+ 29. Kxh2 f5 30. Qg3 Kh7 31. h4 h5 32. Rce1 Nf6 33. Rxe8 Nxe8 34. Re1 Nf6
35. Re6 Ng4+ 36. Kh3 axb4 37. axb4 Qc7 38. Qd3 Rg8 39. Qe2 Ne5 40. Bxe5 dxe5
41. Rxe5 Qc8 42. Re7+ Rg7 43. Rxg7+ Kxg7 44. Qe7+ Kh6 45. Qg5+ Kh7 46. Kh2 Qc7+
47. Kh3 Nd6 48. Qf4 Qe7 49. Bd3 Nf7 50. b5 Qc5 51. Kh2 Nd6 52. Qe5 Nxc4 53.
Bxc4 Qxc4 54. d6 Qxh4+ 55. Kg1 Qc4 56. Qe7+ Kh6 57. d7 Qd4+ 58. Kh2 Qf4+ 59.
Kg1 Qd4+ 60. Kf1 Qd3+ 61. Kf2 Qd4+ 62. Qe3+ Qxe3+ 63. Kxe3 Kg5 64. d8=Q+ Kg4
65. Kf2 g5 66. Qxb6 f4 67. Qe6+ Kh4 68. b6 f3 69. g3# 1-0

[Event "2021 FIDE Online Olympiad"]
[Site "Chess.com"]
[Date "2021.08.28"]
[Round "6.5"]
[White "Al Darmaky, Sultan"]
[Black "Mokgathi, Kebonyephenyo"]
[Result "1-0"]
[WhiteElo "1588"]
[BlackElo "1587"]
[PlyCount "35"]
[EventDate "2021.08.27"]
[EventType "team"]
[EventRounds "9"]
[SourceVersionDate "2018.05.14"]
[WhiteTeam "United Arab Emirates"]
[BlackTeam "Botswana"]
[WhiteTeamCountry "UAE"]
[BlackTeamCountry "BOT"]

1. d4 d5 2. c4 c6 3. cxd5 cxd5 4. Nc3 Nf6 5. Bf4 Nc6 6. e3 e6 7. Bd3 Bd6 8.
Bxd6 Qxd6 9. f4 a6 10. Nf3 O-O 11. O-O b5 12. Ne5 Rb8 13. g4 b4 14. g5 bxc3 15.
gxf6 cxb2 16. Bxh7+ Kxh7 17. Qh5+ Kg8 18. Qg5 1-0

[Event "2021 FIDE Online Olympiad"]
[Site "Chess.com"]
[Date "2021.08.28"]
[Round "6.6"]
[White "Marape, Naledi"]
[Black "Rouda Essa, Alserkal"]
[Result "0-1"]
[WhiteElo "1629"]
[BlackElo "1295"]
[PlyCount "72"]
[EventDate "2021.08.27"]
[EventType "team"]
[EventRounds "9"]
[SourceVersionDate "2018.05.14"]
[WhiteTeam "Botswana"]
[BlackTeam "United Arab Emirates"]
[WhiteTeamCountry "BOT"]
[BlackTeamCountry "UAE"]

1. e4 e5 2. Nf3 Nc6 3. d4 exd4 4. Nxd4 Nf6 5. Nxc6 bxc6 6. e5 Qe7 7. Qe2 Nd5 8.
c4 Nb6 9. Nc3 Qe6 10. Qe4 g6 11. Bd3 Bg7 12. f4 O-O 13. O-O Re8 14. Bd2 d5 15.
cxd5 cxd5 16. Qe2 c5 17. Nb5 Qd7 18. Nd6 c4 19. Bc2 Qxd6 20. a3 Qc5+ 21. Kh1
Bb7 22. Bb4 Qc6 23. Rae1 d4 24. Qf2 d3 25. Bd1 Nd5 26. Bf3 Qd7 27. Qd4 Qb5 28.
Rc1 Nxb4 29. axb4 Bxf3 30. gxf3 Rac8 31. Qc3 Bf8 32. Rfd1 Qxb4 33. Qd4 Red8 34.
Qxa7 Qxb2 35. Rb1 Qe2 36. Rf1 d2 0-1

[Event "2021 FIDE Online Olympiad"]
[Site "Chess.com"]
[Date "2021.08.28"]
[Round "6.1"]
[White "Silva, David"]
[Black "Jere, Daniel"]
[Result "0-1"]
[WhiteElo "2321"]
[BlackElo "2397"]
[PlyCount "100"]
[EventDate "2021.08.27"]
[EventType "team"]
[EventRounds "9"]
[SourceVersionDate "2018.05.14"]
[WhiteTeam "Angola"]
[BlackTeam "Zambia"]
[WhiteTeamCountry "ANG"]
[BlackTeamCountry "ZAM"]

1. e4 c5 2. Nf3 Nc6 3. Nc3 g6 4. d4 cxd4 5. Nxd4 Bg7 6. Be3 Nf6 7. Be2 O-O 8.
O-O d5 9. exd5 Nxd5 10. Nxd5 Qxd5 11. Bf3 Qa5 12. c3 Nxd4 13. cxd4 Rd8 14. Qe2
Be6 15. Bxb7 Rab8 16. Bf3 Bxd4 17. Bxd4 Rxd4 18. b3 Rd2 19. Qe3 Rxa2 20. Rxa2
Qxa2 21. Qc5 Rxb3 22. Qxe7 Qa3 23. Qd8+ Qf8 24. Qf6 Qb8 25. Be4 Rb6 26. Rd1 Bd7
27. Qg5 Rd6 28. Rc1 Be6 29. h4 Qd8 30. Qe5 Rd1+ 31. Rxd1 Qxd1+ 32. Kh2 Qd2 33.
h5 Qxf2 34. hxg6 Qh4+ 35. Kg1 Qe1+ 36. Kh2 hxg6 37. Qb8+ Kh7 38. Qe5 Bf5 39.
Qe7 Qxe4 40. Qxf7+ Kh6 41. Qxa7 Be6 42. Qf2 Bd5 43. Qf8+ Kg5 44. Qd8+ Kf4 45.
Qh4+ Kf5 46. Qh3+ Kg5 47. Qg3+ Kh5 48. Kg1 Qxg2+ 49. Qxg2 Bxg2 50. Kxg2 Kg4 0-1

[Event "2021 FIDE Online Olympiad"]
[Site "Chess.com"]
[Date "2021.08.28"]
[Round "6.2"]
[White "Munenga, Douglas D"]
[Black "Miguel, Sergio"]
[Result "1-0"]
[WhiteElo "2009"]
[BlackElo "2179"]
[PlyCount "89"]
[EventDate "2021.08.27"]
[EventType "team"]
[EventRounds "9"]
[SourceVersionDate "2018.05.14"]
[WhiteTeam "Zambia"]
[BlackTeam "Angola"]
[WhiteTeamCountry "ZAM"]
[BlackTeamCountry "ANG"]

1. e4 e5 2. Nf3 Nc6 3. Bb5 Nf6 4. d3 Bc5 5. O-O d6 6. c3 O-O 7. h3 Ne7 8. Be3
Bxe3 9. fxe3 c6 10. Ba4 Qb6 11. Qc1 Ng6 12. Bc2 d5 13. exd5 cxd5 14. d4 e4 15.
Nfd2 Be6 16. c4 Rac8 17. Nc3 dxc4 18. Ndxe4 Nxe4 19. Bxe4 f5 20. Bc2 f4 21.
Bxg6 hxg6 22. Qd2 Rcd8 23. Rad1 fxe3 24. Rxf8+ Rxf8 25. Qxe3 Bf5 26. Nd5 Qxb2
27. Ne7+ Kf7 28. g4 Re8 29. gxf5 Rxe7 30. fxg6+ Ke8 31. Qf4 Qb6 32. Kh1 c3 33.
d5 c2 34. Qa4+ Kd8 35. Qxc2 Qe3 36. Qf5 Qe4+ 37. Qxe4 Rxe4 38. Rf1 b5 39. Rf7
Re7 40. Rxe7 Kxe7 41. h4 b4 42. h5 a5 43. h6 gxh6 44. d6+ Ke6 45. g7 1-0

[Event "2021 FIDE Online Olympiad"]
[Site "Chess.com"]
[Date "2021.08.28"]
[Round "6.3"]
[White "Caxita, Esperanca"]
[Black "Mbatha, Constance"]
[Result "1-0"]
[WhiteElo "1837"]
[BlackElo "1705"]
[PlyCount "97"]
[EventDate "2021.08.27"]
[EventType "team"]
[EventRounds "9"]
[SourceVersionDate "2018.05.14"]
[WhiteTeam "Angola"]
[BlackTeam "Zambia"]
[WhiteTeamCountry "ANG"]
[BlackTeamCountry "ZAM"]

1. e4 e5 2. Nf3 d6 3. Bc4 h6 4. c3 Nf6 5. d3 Be7 6. O-O O-O 7. Be3 a5 8. Bb3
Bg4 9. Nbd2 Nbd7 10. h3 Bh5 11. Re1 b5 12. a3 Kh7 13. Nf1 a4 14. Ba2 Ng8 15.
Ng3 Bg6 16. d4 f5 17. exf5 Bxf5 18. Nxf5 Rxf5 19. Bb1 g6 20. Bxf5 gxf5 21. dxe5
dxe5 22. Qd5 Bd6 23. Qf7+ Kh8 24. Qxf5 Qe7 25. Qh5 Qh7 26. Rad1 Rf8 27. Nh4 Kg7
28. Qg4+ Kf6 29. f4 h5 30. Qg5+ Kf7 31. fxe5 Nxe5 32. Rf1+ Ke8 33. Rxf8+ Kxf8
34. Bd4 Nf7 35. Ng6+ Ke8 36. Re1+ Kd7 37. Qf5+ Kd8 38. Qe6 Ne7 39. Nf8 Ke8 40.
Nxh7 Nd8 41. Qc8 Bg3 42. Re2 Bd6 43. Nf6+ Kf7 44. Qxd8 Kg6 45. Rxe7 Bxe7 46.
Qxe7 Kf5 47. Qe4+ Kg5 48. h4+ Kh6 49. Ng8# 1-0

[Event "2021 FIDE Online Olympiad"]
[Site "Chess.com"]
[Date "2021.08.28"]
[Round "6.4"]
[White "Simenda, Daisy"]
[Black "Junior, Ednasia"]
[Result "1/2-1/2"]
[WhiteElo "1502"]
[BlackElo "1768"]
[PlyCount "137"]
[EventDate "2021.08.27"]
[EventType "team"]
[EventRounds "9"]
[SourceVersionDate "2018.05.14"]
[WhiteTeam "Zambia"]
[BlackTeam "Angola"]
[WhiteTeamCountry "ZAM"]
[BlackTeamCountry "ANG"]

1. e4 c5 2. d3 Nc6 3. c3 d6 4. Nf3 g6 5. Be2 Bg7 6. O-O Nf6 7. h3 O-O 8. Nh2 h5
9. f4 Rb8 10. f5 b5 11. Qe1 e6 12. fxg6 fxg6 13. Bg5 e5 14. Qh4 Rb7 15. Na3 a6
16. Rf3 Rbf7 17. Raf1 Be6 18. b3 Nb8 19. Nc2 Nbd7 20. d4 exd4 21. cxd4 cxd4 22.
Nxd4 Nc5 23. Bd3 Bd7 24. Bb1 Qe7 25. Rf4 Ne6 26. Nxe6 Qxe6 27. Nf3 Nh7 28. Rxf7
Rxf7 29. Be3 Rf8 30. Qg3 Bc6 31. Re1 Bc3 32. Re2 Qf6 33. Bd3 Re8 34. Nd2 Be5
35. Qf2 Qg7 36. Nf3 Rf8 37. Qe1 Qb7 38. Bh6 Re8 39. Nxe5 Rxe5 40. Bf4 Re6 41.
Bd2 Nf6 42. Qg3 Nxe4 43. Bxe4 Bxe4 44. Rf2 d5 45. Kh2 Qc6 46. Qf4 Qd6 47. Qxd6
Rxd6 48. Bb4 Rd8 49. Rd2 d4 50. Kg3 Kf7 51. Kf4 Bc6 52. g3 Rd5 53. g4 hxg4 54.
hxg4 d3 55. Rf2 Ke6 56. Ke3 Rg5 57. Rf4 Re5+ 58. Kxd3 Rd5+ 59. Rd4 Ke5 60.
Rxd5+ Bxd5 61. g5 Be4+ 62. Kc3 Kd5 63. Be7 Kc6 64. Kb4 Bb1 65. a3 Bd3 66. Ka5
Kb7 67. Kb4 Bc2 68. Kc3 Bf5 69. Kd4 1/2-1/2

[Event "2021 FIDE Online Olympiad"]
[Site "Chess.com"]
[Date "2021.08.28"]
[Round "6.5"]
[White "Junior, Domingos"]
[Black "Mwape, Mwewa"]
[Result "1/2-1/2"]
[WhiteElo "1874"]
[BlackElo "1798"]
[PlyCount "32"]
[EventDate "2021.08.27"]
[EventType "team"]
[EventRounds "9"]
[SourceVersionDate "2018.05.14"]
[WhiteTeam "Angola"]
[BlackTeam "Zambia"]
[WhiteTeamCountry "ANG"]
[BlackTeamCountry "ZAM"]

1. e4 e5 2. Nf3 Nc6 3. Bc4 Nf6 4. d4 exd4 5. Ng5 Ne5 6. Bb3 h6 7. f4 hxg5 8.
fxe5 Nxe4 9. Bxf7+ Kxf7 10. Qf3+ Kg8 11. Qxe4 d6 12. Qd5+ Kh7 13. O-O Qe8 14.
Qxd4 Qxe5 15. Qxe5 dxe5 16. Bxg5 Bc5+ 1/2-1/2

[Event "2021 FIDE Online Olympiad"]
[Site "Chess.com"]
[Date "2021.08.28"]
[Round "6.6"]
[White "Bwalya Mulwale, Lubuuto"]
[Black "Paulo, Jemima"]
[Result "0-1"]
[WhiteElo "1702"]
[BlackElo "1754"]
[PlyCount "76"]
[EventDate "2021.08.27"]
[EventType "team"]
[EventRounds "9"]
[SourceVersionDate "2018.05.14"]
[WhiteTeam "Zambia"]
[BlackTeam "Angola"]
[WhiteTeamCountry "ZAM"]
[BlackTeamCountry "ANG"]

1. d4 Nf6 2. c4 g6 3. Nc3 Bg7 4. e3 O-O 5. Nf3 d6 6. h3 a5 7. Be2 Nbd7 8. O-O
e5 9. Qc2 c6 10. b3 Qe7 11. Bb2 Re8 12. dxe5 dxe5 13. Rad1 Nf8 14. Rd2 e4 15.
Nd4 Bd7 16. Rfd1 Rad8 17. Bf1 Qc5 18. Nde2 Qg5 19. Ng3 Qh4 20. Na4 Nh5 21. Nxh5
Bxb2 22. Qxb2 gxh5 23. Nc5 Bf5 24. Nxb7 Rxd2 25. Qxd2 Qg5 26. Kh2 Re6 27. g3 h4
28. g4 Rg6 29. Be2 h5 30. Rg1 hxg4 31. Bxg4 Bc8 32. Nxa5 f5 33. Nxc6 fxg4 34.
Nd4 g3+ 35. fxg3 hxg3+ 36. Kg2 Bxh3+ 37. Kh1 Qh5 38. Re1 Bg2+ 0-1

[Event "2021 FIDE Online Olympiad"]
[Site "Chess.com"]
[Date "2021.08.28"]
[Round "6.1"]
[White "Jankunas, Tomas"]
[Black "Yazan Abo, Khalaf"]
[Result "1/2-1/2"]
[WhiteElo "2037"]
[BlackElo "1638"]
[PlyCount "122"]
[EventDate "2021.08.27"]
[EventType "team"]
[EventRounds "9"]
[SourceVersionDate "2018.05.14"]
[WhiteTeam "ICCD"]
[BlackTeam "Palestine"]
[BlackTeamCountry "PLE"]

1. e4 d5 2. exd5 Nf6 3. d4 Bg4 4. Nf3 Qxd5 5. Be2 Nc6 6. O-O O-O-O 7. c4 Qf5 8.
d5 e6 9. Nc3 exd5 10. cxd5 Nxd5 11. Nd4 Bxe2 12. Ncxe2 Nxd4 13. Qxd4 Nb6 14.
Qc3 Bd6 15. Ng3 Qg6 16. Qa5 Kb8 17. Be3 h5 18. Nf5 h4 19. Nxd6 Rxd6 20. h3 Rh5
21. Qa3 a6 22. Rac1 Nd5 23. Qc5 b6 24. Qc4 Kb7 25. Rfd1 Rc6 26. Qb3 Nxe3 27.
Qxe3 Rxc1 28. Rxc1 Rd5 29. Qe7 Qd6 30. Qxf7 g5 31. Qf3 Ka7 32. a3 Rd2 33. b4
Qd7 34. Qc3 Kb7 35. a4 Rd3 36. Qc4 Rd1+ 37. Rxd1 Qxd1+ 38. Kh2 Qd6+ 39. Kg1 Qe5
40. b5 axb5 41. axb5 Qc5 42. Qe4+ Ka7 43. Qb1 c6 44. Qh7+ Kb8 45. Qg8+ Kc7 46.
Qf7+ Kd6 47. Qf6+ Kd7 48. Qf7+ Kd6 49. Qf6+ Kc7 50. bxc6 Qc1+ 51. Kh2 Qf4+ 52.
Qxf4+ gxf4 53. g4 fxg3+ 54. fxg3 hxg3+ 55. Kxg3 b5 56. Kf3 Kxc6 57. Ke3 Kd5 58.
Kd3 Ke5 59. Kc3 Kf4 60. Kb4 Kg3 61. Kxb5 Kxh3 1/2-1/2

[Event "2021 FIDE Online Olympiad"]
[Site "Chess.com"]
[Date "2021.08.28"]
[Round "6.2"]
[White "Alqwasma, Mohamed"]
[Black "Pokotaiev, Vladyslav"]
[Result "1/2-1/2"]
[WhiteElo "1732"]
[BlackElo "1849"]
[PlyCount "35"]
[EventDate "2021.08.27"]
[EventType "team"]
[EventRounds "9"]
[SourceVersionDate "2018.05.14"]
[WhiteTeam "Palestine"]
[BlackTeam "ICCD"]
[WhiteTeamCountry "PLE"]

1. Nf3 d5 2. g3 c6 3. Bg2 Bg4 4. O-O Nd7 5. h3 Bxf3 6. Bxf3 e5 7. d3 Ngf6 8.
Nd2 Bd6 9. e4 O-O 10. Bg2 Re8 11. Qe2 a5 12. c3 Qc7 13. Re1 a4 14. a3 Nc5 15.
Rb1 Rad8 16. g4 dxe4 17. Nxe4 Nfxe4 18. dxe4 1/2-1/2

[Event "2021 FIDE Online Olympiad"]
[Site "Chess.com"]
[Date "2021.08.28"]
[Round "6.3"]
[White "von Erichsen, Annegret"]
[Black "Zalloum, Sara"]
[Result "1-0"]
[WhiteElo "1998"]
[BlackElo "1000"]
[PlyCount "49"]
[EventDate "2021.08.27"]
[EventType "team"]
[EventRounds "9"]
[SourceVersionDate "2018.05.14"]
[WhiteTeam "ICCD"]
[BlackTeam "Palestine"]
[BlackTeamCountry "PLE"]

1. e4 d6 2. Nc3 Nf6 3. f4 g6 4. Nf3 Bg7 5. Bc4 Nbd7 6. d3 h6 7. O-O O-O 8. Nh4
Kh7 9. Qe1 e5 10. f5 g5 11. Nf3 a5 12. a4 Nc5 13. Be3 Nfd7 14. Qg3 Qf6 15. h4
gxh4 16. Nxh4 c6 17. Nf3 Qe7 18. Nh2 Nf6 19. Ng4 Nxg4 20. Qxg4 Rg8 21. Qh3 Qf6
22. Qh5 Nd7 23. Bxf7 Rf8 24. Bg6+ Kg8 25. Bxh6 1-0

[Event "2021 FIDE Online Olympiad"]
[Site "Chess.com"]
[Date "2021.08.28"]
[Round "6.4"]
[White "Taqwa, Hamouri"]
[Black "Nuserova, Almash"]
[Result "1-0"]
[WhiteElo "1116"]
[BlackElo "1245"]
[PlyCount "95"]
[EventDate "2021.08.27"]
[EventType "team"]
[EventRounds "9"]
[SourceVersionDate "2018.05.14"]
[WhiteTeam "Palestine"]
[BlackTeam "ICCD"]
[WhiteTeamCountry "PLE"]

1. e4 c5 2. Nc3 Nc6 3. g3 Nf6 4. Bg2 g6 5. d3 Bg7 6. Be3 d6 7. h3 O-O 8. Nge2
h6 9. O-O Rb8 10. Qd2 Kh7 11. Nd1 e5 12. c3 b5 13. f4 exf4 14. gxf4 Ng8 15. Ng3
Qh4 16. Bf2 Bxh3 17. Nf5 Qg4 18. Nde3 Bxg2 19. Nxg4 Bxf1 20. Rxf1 gxf5 21. exf5
Nf6 22. Qe2 Rfe8 23. Qf3 Ne7 24. Bh4 Nxf5 25. Bxf6 b4 26. Bxg7 Kxg7 27. Nf2 Kh7
28. Ne4 Rg8+ 29. Kf2 Nh4 30. Qh5 Rg2+ 31. Ke1 Ng6 32. Rf2 Rxf2 33. Kxf2 bxc3
34. bxc3 Rb2+ 35. Ke3 Rxa2 36. Nxd6 Kg7 37. Nf5+ Kf6 38. Nxh6 Rg2 39. Ng4+ Ke7
40. Qxc5+ Ke8 41. Qc6+ Kf8 42. Qxg2 a5 43. Qa8+ Ke7 44. Qxa5 f5 45. Ne5 Nh4 46.
Qc5+ Kf6 47. Qf8+ Ke6 48. Qh6+ 1-0

[Event "2021 FIDE Online Olympiad"]
[Site "Chess.com"]
[Date "2021.08.28"]
[Round "6.5"]
[White "Ramirez Ramirez, Anderson"]
[Black "Mohamad, Seder"]
[Result "0-1"]
[WhiteElo "1730"]
[BlackElo "1699"]
[PlyCount "90"]
[EventDate "2021.08.27"]
[EventType "team"]
[EventRounds "9"]
[SourceVersionDate "2018.05.14"]
[WhiteTeam "ICCD"]
[BlackTeam "Palestine"]
[BlackTeamCountry "PLE"]

1. d4 Nf6 2. Nf3 g6 3. c3 Bg7 4. Nbd2 d5 5. g3 O-O 6. Bg2 c6 7. O-O Nbd7 8. Re1
Re8 9. e4 e5 10. dxe5 Nxe5 11. Nxe5 Rxe5 12. exd5 Rxe1+ 13. Qxe1 Nxd5 14. Ne4
Qe7 15. c4 Nb4 16. Bg5 Qf8 17. Rd1 Bg4 18. f3 Bf5 19. Nd6 Nd3 20. Qe7 Nxb2 21.
Rd2 Qxe7 22. Bxe7 Bc3 23. Re2 Bd3 24. Bf1 Bxe2 25. Bxe2 Bb4 26. f4 Na4 27. f5
Nc3 28. Bf3 gxf5 29. a3 Bxa3 30. Kg2 Bxd6 31. Bxd6 a5 32. Be5 Ne4 33. g4 Nd2
34. Be2 fxg4 35. Bxg4 Nxc4 36. Bd4 a4 37. Kg3 a3 38. Kh4 Ra5 39. Bc8 a2 40. Ba1
Nd6 41. Bg4 Ne4 42. Bf3 Nd2 43. Bd1 b5 44. Kg3 Nb3 45. Bxb3 Ra3 0-1

[Event "2021 FIDE Online Olympiad"]
[Site "Chess.com"]
[Date "2021.08.28"]
[Round "6.6"]
[White "Sawan, Eman"]
[Black "Yashaswi, K."]
[Result "1-0"]
[WhiteElo "1000"]
[BlackElo "1101"]
[PlyCount "71"]
[EventDate "2021.08.27"]
[EventType "team"]
[EventRounds "9"]
[SourceVersionDate "2018.05.14"]
[WhiteTeam "Palestine"]
[BlackTeam "ICCD"]
[WhiteTeamCountry "PLE"]

1. e4 c5 2. Nc3 d6 3. g3 Nf6 4. Bg2 Nc6 5. Nge2 g6 6. O-O Bg7 7. d3 O-O 8. h3
Bd7 9. Be3 Qc8 10. Kh2 e5 11. Qd2 Re8 12. f4 Nd4 13. f5 Nxe2 14. Nxe2 gxf5 15.
exf5 Bxf5 16. Bh6 Bg6 17. Bxg7 Kxg7 18. Nc3 Qd7 19. Qf2 Qe7 20. Rae1 Rh8 21.
Re3 Rab8 22. Nd5 Nxd5 23. Bxd5 h5 24. Rf3 Rhf8 25. Be4 b6 26. Rf6 Rbd8 27. c4
a6 28. a4 Rb8 29. b3 a5 30. Qf3 Rbd8 31. Qf2 Rb8 32. g4 hxg4 33. Qh4 Rh8 34.
Rxg6+ fxg6 35. Qxe7+ Kg8 36. Qf7# 1-0

[Event "2021 FIDE Online Olympiad"]
[Site "Chess.com"]
[Date "2021.08.29"]
[Round "7.1"]
[White "Alqwasma, Mohamed"]
[Black "Makolli, Perparim"]
[Result "0-1"]
[WhiteElo "1732"]
[BlackElo "2289"]
[PlyCount "154"]
[EventDate "2021.08.27"]
[EventType "team"]
[EventRounds "9"]
[SourceVersionDate "2018.05.14"]
[WhiteTeam "Palestine"]
[BlackTeam "Kosovo"]
[WhiteTeamCountry "PLE"]
[BlackTeamCountry "KOS"]

1. Nf3 d5 2. g3 Nf6 3. Bg2 c5 4. O-O Nc6 5. d3 e6 6. Nbd2 Be7 7. e4 O-O 8. c3
b6 9. Re1 Ba6 10. Qc2 Rc8 11. Nf1 dxe4 12. dxe4 Bd3 13. Qa4 b5 14. Qa6 b4 15.
Qa4 Bxe4 16. Bg5 Bd5 17. Rad1 Qa5 18. Qxa5 Nxa5 19. cxb4 cxb4 20. b3 h6 21. Be3
Rc2 22. Rd2 Rxd2 23. N1xd2 a6 24. Bf1 Nc6 25. Rc1 a5 26. Nd4 Ne5 27. h3 Ba8 28.
f4 Nd5 29. Bf2 Nd7 30. Nc6 Bf6 31. Nxa5 Nc3 32. Rc2 Bd5 33. Bc4 Ra8 34. Bxd5
exd5 35. Nc6 Nxa2 36. Bd4 Bxd4+ 37. Nxd4 Nc3 38. Nc6 Ra1+ 39. Kg2 Na2 40. Ne7+
Kh7 41. Nxd5 Nf8 42. f5 Nd7 43. Kf3 Ne5+ 44. Ke4 f6 45. Nc4 Re1+ 46. Kf4 Nc1
47. Nxe5 fxe5+ 48. Kf3 Nxb3 49. Kf2 Re4 50. Rb2 Nc5 51. Kf3 b3 52. Nc3 Rd4 53.
Ne2 Rd3+ 54. Kf2 Na4 55. Rb1 b2 56. Ke1 Re3 57. Kd2 Rxe2+ 58. Kxe2 Nc3+ 59. Kd2
Nxb1+ 60. Kc2 e4 61. Kxb2 e3 62. Kc2 e2 63. Kxb1 e1=Q+ 64. Kc2 Qxg3 65. f6 gxf6
66. h4 Qxh4 67. Kd2 Qe4 68. Kc3 f5 69. Kd2 f4 70. Kc3 Qe2 71. Kd4 f3 72. Kc3 f2
73. Kd4 f1=R 74. Kc3 Rf3+ 75. Kd4 Rd3+ 76. Kc4 Qc2+ 77. Kb4 Rb3+ 0-1

[Event "2021 FIDE Online Olympiad"]
[Site "Chess.com"]
[Date "2021.08.29"]
[Round "7.2"]
[White "Bardhi, Valmor"]
[Black "Safeya, Zakareya A"]
[Result "1-0"]
[WhiteElo "2171"]
[BlackElo "1889"]
[PlyCount "107"]
[EventDate "2021.08.27"]
[EventType "team"]
[EventRounds "9"]
[SourceVersionDate "2018.05.14"]
[WhiteTeam "Kosovo"]
[BlackTeam "Palestine"]
[WhiteTeamCountry "KOS"]
[BlackTeamCountry "PLE"]

1. e4 c5 2. Nf3 d6 3. d4 cxd4 4. Nxd4 Nf6 5. Nc3 a6 6. Bg5 e6 7. f4 Be7 8. Qf3
Qc7 9. O-O-O b5 10. Bd3 Bb7 11. Rhe1 Nbd7 12. Qg3 Nc5 13. e5 b4 14. exf6 gxf6
15. Ne4 fxg5 16. Nxg5 h6 17. Ngxe6 fxe6 18. Nxe6 Nxe6 19. Qg6+ Kd8 20. Rxe6 Bd5
21. Re2 Bxa2 22. Qg7 Rg8 23. Qxh6 Kc8 24. Bf5+ Kb8 25. Rde1 Bf8 26. Re8+ Ka7
27. Rxa8+ Kxa8 28. Re8+ Ka7 29. Rxf8 Rxg2 30. Ra8+ Kxa8 31. Be4+ Ka7 32. Bxg2
Qe7 33. Kd2 b3 34. Qh8 Kb6 35. Qd4+ Kc7 36. Qa7+ Kd8 37. Qb8+ Kd7 38. Bh3+ Kc6
39. Qc8+ Kb5 40. Bf1+ Kb4 41. Qc4+ Ka5 42. Qxa6+ Kb4 43. c3+ Kc5 44. Qa5+ Kc6
45. Bg2+ Kd7 46. Qa7+ Ke8 47. Qxe7+ Kxe7 48. Ke3 Bb1 49. Be4 Bc2 50. Bxc2 bxc2
51. Kd2 Kf6 52. b4 Kf5 53. b5 Ke6 54. c4 1-0